Gaming Quiz

Random Gaming Quiz

Travian troops Quiz Stats

Quiz not verified by Sporcle

Challenge
Share
Tweet
Embed
Score 0/50 Timer 07:00
0 Plays Today
% Correct
Phalanx
93.1%
Bat
93.1%
Imperian
86.2%
Spearman
86.2%
Tiger
86.2%
Elephant
86.2%
Wolf
82.8%
Praetorian
79.3%
Rat
79.3%
Snake
79.3%
Fire Catapult
75.9%
Senator
75.9%
Catapult
75.9%
Equites Legati
72.4%
Axeman
72.4%
Scout
72.4%
Paladin
72.4%
Chief
72.4%
Bear
72.4%
Swordsman
69%
Ram
69%
Legionnaire
69%
Ram
69%
Druidrider
65.5%
Haeduan
65.5%
% Correct
Clubswinger
65.5%
Crocodile
65.5%
Battering Ram
62.1%
Settler
58.6%
Settler
58.6%
Teutonic Knight
58.6%
Settler
58.6%
Spider
58.6%
Settler
58.6%
Trebuchet
55.2%
Equites Caesaris
55.2%
Wild Boar
51.7%
Pathfinder
48.3%
Equites Imperatoris
48.3%
Chieftain
44.8%
Natarian Knight
34.5%
Warelephant
34.5%
Theutates Thunder
31%
Pikeman
31%
Thorned Warrior
20.7%
Birds Of Prey
20.7%
Axerider
20.7%
Guardsman
17.2%
Ballista
13.8%
Natarian Emperor
10.3%

You're not logged in!

Compare scores with friends on all Sporcle quizzes.
Join for Free
OR
Log In

You Might Also Like...

Show Comments

Extras

Created Feb 18, 2013ReportNominate
Tags:troop

Top Quizzes Today


Score Distribution

Your Account Isn't Verified!

In order to create a playlist on Sporcle, you need to verify the email address you used during registration. Go to your Sporcle Settings to finish the process.

Report this User

Report this user for behavior that violates our Community Guidelines.

Details: